Statistics for Countries In Europe With 3 Consecutive Consonants

Click here to take the quiz!

General Stats

  • This quiz has been taken 45 times
    (35 since last reset)
  • The average score is 5 of 6

Answer Stats

Answer% Correct
United Kingdom
91%
Liechtenstein
85%
Czech Republic
79%
Netherlands
79%
Austria
70%
Bosnia and Herzegovina
64%

Score Distribution

Percentile by Number Answered

Percent of People with Each Score

Your Score History

You have not taken this quiz since the last reset